Mario Strikers - Tous les Personnages [avec image] - Statistiques

Statistiques générales
  • Ce quiz a été pris 25 fois
  • Le résultat moyen est 20 sur 25
Statistiques - réponses
Par images Réponse % Correct
Bowser
100%
Donkey Kong
100%
Luigi
100%
Mario
100%
Princesse Daisy
100%
Princesse Peach
100%
Toad
100%
Waluigi
100%
Wario
100%
Yoshi
100%
Diddy Kong
94%
Harmonie
94%
Koopa Troopa
94%
Boo
89%
Birdo
83%
Bowser Jr.
83%
Skelerex
72%
Maskass
67%
Frère Marto
56%
Pauline
56%
Flora Piranha
50%
Topi Taupe
50%
Boum Boum
44%
Kritter
11%
Oméga
11%
Aucun quiz correspondant
Distribution des résultats
% des personnes avec chaque résultat
Percentile par nombre de réponses
Votre historique - résultats
Vous n’avez pas pris ce quiz